000 00425nam a2200157Ia 4500
008 230312s9999||||xx |||||||||||||| ||und||
020 _a1-84112-246-7
082 _a658
_bCAR
100 _aRoger Cartwright
245 0 _aManaging Diversity
260 _bCapstone Publishing
_aGB
_c2002
300 _a116
546 _aEng.
650 _aManagement
_vIntroduction to Managing Diversity, What is Managing Diversity
942 _cBK
999 _c944
_d944